| 000 -ლიდერი |
| ფიქსირებული სიგრძის საკონტროლო ველი |
01500nam a2200265Ia 4500 |
| 001 - საკონტროლო ნომერი |
| საკონტროლო ველი |
7997 |
| 003 - საკონტროლო ნომრის იდენტიფიკატორი |
| საკონტროლო ველი |
GE_BSU |
| 005 - ბოლო ოპერაციის თარიღი და დრო |
| საკონტროლო ველი |
20221004141237.0 |
| 008 - ფიქსირებული სიგრძის მონაცემთა ელემენტები - ზოგადი ინფორმაცია |
| ფიქსირებული სიგრძის საკონტროლო ველი |
181216s2013ge xx |||||||||||||| ||geo|| |
| 020 ## - წიგნის საერთაშორისო სტანდარტული ნომერი |
| International Standard Book Number |
9789941220074 |
| 040 ## - კატალოგიზაციის წყარო |
| Transcribing agency |
GE_BSU |
| 041 ## - ენის კოდი |
| Language code of text/sound track or separate title |
geo |
| 080 ## - უნივერსალური ათობითი კლასიფიკაციის ინდექსი |
| Universal Decimal Classification number |
1(479.22)(09) ქ-27 |
| 245 ## - ცნობა სათაურის შესახებ |
| Title |
ქართული ფილოსოფიური აზრის ისტორია : |
| Remainder of title |
IV ტომი / |
| Statement of responsibility, etc |
რედ. მიხეილ მახარაძე ; სარედ. კოლ: ა. აფაქიძე, თ. ბუაჩიძე, გ. თევზაძე. |
| 264 ## - წარმოების, გამოცემის, დისტრიბუციის და სხვა ცნობები |
| გამოცემის, წარმოების, დისტრიბუციის... ადგილი |
თბილისი: |
| გამოცემის, წარმოების, დისტრიბუციის... სახელწოდება |
უნისვერსალი, |
| გამოცემის, წარმოების, დისტრიბუციის... თარიღი |
2013. |
| 300 ## - ფიზიკური აღწერა |
| Extent |
789 გვ. |
| Dimensions |
22 სმ. |
| 653 ## - INDEX TERM--UNCONTROLLED |
| Uncontrolled term |
ქართული ფილოსოფიური აზრის ისტორია |
| 653 ## - INDEX TERM--UNCONTROLLED |
| Uncontrolled term |
ფილოსოფია |
| 700 ## - ADDED ENTRY--PERSONAL NAME |
| Personal name |
მახარაძე , მიხეილ |
| Relator term |
რედაქტორი |
| 9 (RLIN) |
15015 |
| 700 ## - ADDED ENTRY--PERSONAL NAME |
| Personal name |
აფაქიძე, ა |
| Relator term |
სარედაქციო კოლეგია |
| 9 (RLIN) |
15016 |
| 700 ## - ADDED ENTRY--PERSONAL NAME |
| Personal name |
ბუაჩიძე, თ |
| Relator term |
სარედაქციო კოლეგია |
| 9 (RLIN) |
15017 |
| 700 ## - ADDED ENTRY--PERSONAL NAME |
| Personal name |
თევზაძე, გ |
| Relator term |
სარედაქციო კოლეგია |
| 9 (RLIN) |
15018 |
| 710 ## - ADDED ENTRY--CORPORATE NAME |
| Corporate name or jurisdiction name as entry element |
ბათუმის შოთა რუსთაველის სახელმწ. უნ-ტი, ფილოსოფიის დეპარტამენტი |
| 9 (RLIN) |
15019 |
| 942 ## - ADDED ENTRY ELEMENTS (KOHA) |
| Koha item type |
წიგნი |
| Source of classification or shelving scheme |
|